000 00326nam a2200133Ia 4500
008 230312s9999||||xx |||||||||||||| ||und||
082 _a891.4
_bKAS-M
100 _aمحمد کاشف بٹ
245 0 _aمیں فقط خاک ہوں
260 _bilam e irfan
_apak
_c2013
300 _a112
650 _aLiterature
942 _cBK
999 _c15055
_d15055